Dreamers of Decadence: Symbolist Painters of the 1890s / (Record no. 616727)
[ view plain ]
| 000 -LEADER | |
|---|---|
| fixed length control field | 00397nam a2200133 4500 |
| 020 ## - INTERNATIONAL STANDARD BOOK NUMBER | |
| Qualifying information | PB. |
| 040 ## - CATALOGING SOURCE | |
| Transcribing agency | FIZZA ISHAQ |
| 082 ## - DEWEY DECIMAL CLASSIFICATION NUMBER | |
| Classification number | 709.04 |
| Author Mark | JUL |
| 100 ## - MAIN ENTRY--PERSONAL NAME | |
| Personal name | Jullian , Philippe. |
| 9 (RLIN) | 133766 |
| 245 ## - TITLE STATEMENT | |
| Title | Dreamers of Decadence: Symbolist Painters of the 1890s / |
| Statement of responsibility, etc. | Philippe Jullian. |
| 260 ## - PUBLICATION, DISTRIBUTION, ETC. | |
| Place of publication, distribution, etc. | New York: |
| Name of publisher, distributor, etc. | Henry Holt & Company, Inc, |
| Date of publication, distribution, etc. | 1975. |
| 300 ## - PHYSICAL DESCRIPTION | |
| Extent | 272 P. ; |
| Dimensions | 9.5 X 6.7 inches |
| 942 ## - ADDED ENTRY ELEMENTS (KOHA) | |
| Source of classification or shelving scheme | |
| Koha item type | Book |
| Withdrawn status | Lost status | Source of classification or shelving scheme | Damaged status | Not for loan | Permanent Location | Current Location | Shelving location | Date acquired | Total Checkouts | Full call number | Barcode | Date last seen | Price effective from | Koha item type |
|---|---|---|---|---|---|---|---|---|---|---|---|---|---|---|
| NUST Baluchistan Campus (NBC) | NUST Baluchistan Campus (NBC) | General Stacks | 03/30/2026 | 709.04 JUL | QD-415 | 03/30/2026 | 03/30/2026 | Book |
